00818nam a2200181Ia 4500999001700000082001200017100002000029245010000049260006300149300000800212504004100220650006100261650004400322650004200366650006500408942001200473952015100485 c20350d20350 aRP.0267 aPadmanabhan, K. 0aSocio-economic status of widows (mudaliar community) of Tamil Nadub: a three generation study  c2004bIndian Council of Social Science Research, New Delhi a396 aincludes appendices and bibliography aWidowszTamil NaduvLegal status, laws, etc. (Hindu law) aWidowszTamil NaduvEconomic conditions aWidowszTamil NaduvSocial conditions aMudaliyarszTamil NaduvLegal status, laws, etc. (Hindu law) cRP2ddc 001040708MRPaNASSDOCbNASSDOCd2008-10-13eGifted by : R P Division, ICSSRi2008-09-10l0oRP.0267p44645r2019-04-18 00:00:00w2019-04-18yRP